সহীহ মুসলিম / (Record no. 11482)
[ view plain ]
| 000 -LEADER | |
|---|---|
| fixed length control field | 00782nam a2200229 a 4500 |
| 001 - CONTROL NUMBER | |
| JCCL Control Number | 14482 |
| 003 - CONTROL NUMBER IDENTIFIER | |
| JCCL marc code | BD-JhCC |
| 005 - DATE AND TIME OF LATEST TRANSACTION | |
| control field | 20220825134022.0 |
| 008 - FIXED-LENGTH DATA ELEMENTS--GENERAL INFORMATION | |
| fixed length control field | 190626b19922017bg |||| ||a| 000 0 ben d |
| 020 ## - INTERNATIONAL STANDARD BOOK NUMBER | |
| International Standard Book Number | 9843109309 |
| 035 ## - SYSTEM CONTROL NUMBER | |
| system control number | (BD-JhCC)11482 |
| 040 ## - CATALOGING SOURCE | |
| Original cataloging agency | BD-JhCC |
| Modifying agency | BD-JhCC |
| 041 ## - LANGUAGE CODE | |
| Language code of Book | ben |
| 082 ## - DEWEY DECIMAL CLASSIFICATION NUMBER | |
| Classification number | 297.1241 |
| Author mark and Year | KAY 2017 |
| 100 ## - MAIN ENTRY--PERSONAL NAME | |
| Personal name | কায়সার, মাওলানা আফলাতুন |
| 245 ## - TITLE STATEMENT | |
| Title | সহীহ মুসলিম / |
| Statement of responsibility, etc | মাওলানা আফলাতুন কায়সার । |
| 260 ## - PUBLICATION, DISTRIBUTION, ETC. (IMPRINT) | |
| Place of publication, distribution, etc | ঢাকা: |
| Name of publisher, distributor, etc | বাংলাদেশ ইসলামিক সেন্টার; |
| Date of publication, distribution, etc | ২০১৭. |
| 300 ## - PHYSICAL DESCRIPTION | |
| Pagination | ৩৬৬ পৃ. : |
| Dimensions | ২৪ সেমি. |
| 650 ## - SUBJECT ADDED ENTRY--TOPICAL TERM | |
| Topical term or geographic name as entry element | Hadith |
| 942 ## - ADDED ENTRY ELEMENTS (KOHA) | |
| Source of classification or shelving scheme | Dewey Decimal Classification |
| Koha item type | Books |
| Koha issues (borrowed), all copies | 41 |
| Source of classification or shelving scheme | volume number | Damaged status | Not for loan | Home library | Current library | Shelving location | Date of accession | Cost, normal purchase price | Total Checkouts | Full call number | Barcode | Date last seen | Date checked out | Copy number | Koha item type | Total Renewals | Checked out |
|---|---|---|---|---|---|---|---|---|---|---|---|---|---|---|---|---|---|
| Dewey Decimal Classification | V-1 | JCC Rouf Library | JCC Rouf Library | General Stacks | 06/26/2019 | 330.00 | 3 | 297.1241 KAY 2017 | 15713 | 09/20/2022 | 08/24/2022 | C-1 | Books | ||||
| Dewey Decimal Classification | V-2 | JCC Rouf Library | JCC Rouf Library | General Stacks | 06/26/2019 | 375.00 | 6 | 297.1241 KAY 2016 | 15714 | 06/30/2025 | 06/30/2025 | C-1 | Books | 07/24/2025 | |||
| Dewey Decimal Classification | V-3 | JCC Rouf Library | JCC Rouf Library | General Stacks | 06/26/2019 | 440.00 | 2 | 297.1241 KAY 2018 | 15715 | 12/19/2021 | 11/10/2021 | C-1 | Books | ||||
| Dewey Decimal Classification | V-4 | JCC Rouf Library | JCC Rouf Library | General Stacks | 06/26/2019 | 330.00 | 1 | 297.1241 KAY 2016 | 15716 | 04/19/2020 | 04/08/2020 | C-1 | Books | ||||
| Dewey Decimal Classification | V-5 | JCC Rouf Library | JCC Rouf Library | General Stacks | 06/26/2019 | 330.00 | 4 | 297.1241 KAY 2016 | 15717 | 10/21/2021 | 10/07/2021 | C-1 | Books | ||||
| Dewey Decimal Classification | V-6 | JCC Rouf Library | JCC Rouf Library | General Stacks | 06/26/2019 | 330.00 | 3 | 297.1241 KAY 2015 | 15718 | 03/30/2022 | 03/29/2022 | C-1 | Books | ||||
| Dewey Decimal Classification | V-7 | JCC Rouf Library | JCC Rouf Library | General Stacks | 06/26/2019 | 330.00 | 4 | 297.1241 KAY 2016 | 15719 | 06/19/2023 | 06/19/2023 | C-1 | Books | 07/24/2023 | |||
| Dewey Decimal Classification | V-8 | JCC Rouf Library | JCC Rouf Library | General Stacks | 06/26/2019 | 330.00 | 3 | 297.1241 KAY 2015 | 15720 | 12/15/2021 | 09/29/2021 | C-1 | Books |